00381nam a2200145Ia 4500008004100000020001500041041000800056082001600064100002200080245005600102250000600158260005200164300001000216650000900226210716s2002 xx 000 0 und d a8120313674 aeng a004.35 CRIJ aCrichlow, Joel M. aIntroduction to distributed and parallel computing. a2 aNew DelhibPrentice Hall of India PVt Ltdc2002 ax,238 aNone